000 00290nam a2200109Ia 4500
008 220204s9999 xx 000 0 und d
082 _a338.26(540)
_bSHE
100 _aSHENOY, B R
245 0 _aIndian planning and economic development
260 _aLondon
_bAsia Pub house
_c1963
942 _cBK
999 _c20195
_d20195